000 00611nam a2200205 i 4500
001 90790
003 ES-MaACL
005 20250808062532.0
007 t|
008 050125s1953 sp ||||1| spa d
100 1 _aLeclercq, Jacques.
_971094
245 1 0 _aValores cristianos /
_cJacques Leclercq ; versión castellana por Pio María de Montoya.
260 _aSan Sebastián :
_bDinor,
_c1953 (
_fEscelicer)
300 _a185 p. ;
_c19 cm.
490 1 _aPrisma
700 1 _aMontoya, Pío María de.
_982709
830 0 0 _aPrisma
_9180749
852 _aES-MaACL
_jD-9227
_bR.34575
999 _c90790
_d90790